| 000 | 00515nam a2200157Ia 4500 | ||
|---|---|---|---|
| 008 | 220214s9999 xx 000 0 und d | ||
| 100 | _aSpoon W | ||
| 245 | 0 | _aCopal from New Guinea (Tropical Products Department of the Royal Tropical Institute, No. 267) | |
| 260 |
_bVerfkronick _c1959 |
||
| 300 | _a16p | ||
| 520 | _aCopal is the resin collected from the bark of trees belonging to the botanical genius Agathis (family Pinaceae.) | ||
| 650 | _aAgathis | ||
| 650 | _aPinaceae | ||
| 650 | _aResin | ||
| 942 | _cRE | ||
| 999 |
_c45892 _d45892 |
||